LEADER 01311nam a2200277 i 4500 001 000000157237 003 CaOOAMICUS 005 20080307000000.0 008 080307s1977 it u000 u ita u 013 $a134593 040 $aSeMil$bita 245 10$aS. Maria del Carmine :$bstoria, arte, fede /$cPresentazione di Ernesto Brivio ; testi di Gisella Passarelli ... [et al.]. 246 04$iTitolo in copertina:$aLa chiesa del Carmine : storia, arte, fede 260 $aMilano :$bLuigi Maestri Tipografo,$c1977. 300 $a77 p. :$briccamente ill. ;$c25 cm. 500 $aIn preliminari : Dedica autografa. - Fondo Card. Giovanni Colombo. 650 4$aMilano - Chiese - Santa Maria del Carmine.$0(OLS)http://semarc/subject/46349 700 1 $aPassarelli, Gisella.$0(OLS)http://semarc/name/61399 700 1 $aBrivio, Ernesto.$0(OLS)http://semarc/name/7605 850 $aSeMil 852 $aSeMil$W1$xVenegono$y1$m3O IV 23$j108931$B108931$CSeMilBibl$Z2$F133462 $81 941 1 $a3 961 $aLascito: Colombo Card. Giovanni 996 $6245$aS. Maria del Carmine :$bstoria, arte, fede$9(OLS)http://semarc/title/230556 996 $6246$aLa chiesa del Carmine : storia, arte, fede$9(OLS)http://semarc/title/230557 996 $6260$aMilano :$bLuigi Maestri Tipografo$9(OLS)http://semarc/publisher/42257 LEADER 01120nam a2200277 i 4500 001 000000073921 003 CaOOAMICUS 005 20250826171437.0 008 071122s1975 it u000 u ita u 013 $a45093 040 $aSeMil$bita 100 1 $aPalazzeschi, Aldo,$d<1885-1974>.$0(OLS)http://semarc/name/8329 245 10$aTutte le novelle /$cAldo Palazzeschi ; a cura di Luciano De Maria ; prefazione di Giansiro Ferrata. 260 $aMilano :$bArnoldo Mondadori Editore,$c1975. 300 $aXXXVI, 987 p. ;$c18 cm. 490 0 $aI Meridiani 700 1 $aFerrata, Giansiro,$d<1907-1986>.$0(OLS)http://semarc/name/6554 700 1 $aDe Maria, Luciano,$d<1928-1993>.$0(OLS)http://semarc/name/36666 830 2$aI Meridiani.$0(OLS)http://semarc/title/6832 850 $aSeMil 852 $aSeMil$W1$xVenegono$y1$m1P II 56$j40073$B40073$CSeMilBibl$Z2$F40077 $81 941 1 $a1 961 $aOmaggio: Ciprandi dott. Paolo 996 $6245$aTutte le novelle$9(OLS)http://semarc/title/22061 996 $6260$aMilano :$bArnoldo Mondadori Editore$9(OLS)http://semarc/publisher/30056